000 00490nam a22001697a 4500
005 20251108172026.0
008 250721s1996 xx 000 0 ara d
082 1 4 _a811.962/فار
100 1 _aجويده، فاروق
245 1 0 _aألف وجه للقمر /
264 1 _aالقاهرة :
_bدار غريب للطباعة و النشر و التوزيع،
_c1996.
300 _a157ص
650 1 7 _aالشعر الحديث
650 1 7 _aمصر
942 _2ddc
_cBK
999 _c68556
_d68556